01149nam a2200253 i 4500003000900000005001700009007000300026008004100029020001800070020001800088040003000106041000800136082001900144100003400163245007200197246004100269250002200310264004400332300002500376336002700401337003300428338002800461520040600489DO-SdBNP20250703110923.0ta250703t2024 dr a 6 000 0 spa d a9789945944709 a9789945944716 aDO-SdBNPbspacBNPHUerda hspa axxxxbF9622221 aFulcar, Adriáneautor4aut.13aMetaxis capitulo #1 :bel llanto del hipócrita /cAdrián Fulcar1 aMetaxis :bel llanto del hipócrita aTercera edición aSanto Domingo :bPapaya studios,c2024. a58 páginasc26 cm. atextobtxt2rdacontent asin mediaciónbn2rdamedia avolumenbnc2rdacarrier aLuego de la misteriosa desaparición de su madre, un joven dominicano ya impaciente, perdió la esperanza en que las autoridades de su país logren resolver esta horrible situación. El toma cartas en el asunto y decide buscar por su propia cuenta a su amada progenitora, sin importarle que consecuencias esto traiga a su vida. ¿Quién o qué estará detrás de la desaparición de su madre?